000 00473cam a22001457a 4500
008 180718b1996 xxu||||| |||| 00| 0 eng d
020 _a019577633X
082 _aB19 T541m
245 _aMarginality and modernity: ethnicity and change in post-colonial Balochistan
_cedited by Paul Titus
260 _aKarachi
_bOxford University Press
_c1996
300 _a331p.
650 _aEthnicity - Balochistan.
650 _aManners and customs - Balochistan
700 _aTitus, Paul
999 _c385566
_d385566